000 00439nam a2200145 i 4500
001 57145
003 ES-MaACL
005 20230906163524.0
007 t|
008 031015m19561957sp ||||1| spa d
245 0 0 _aDisposiciones y leyes vigentes sobre el Ministerio de Justicia
_b: Aranceles judiciales.
260 _aMadrid :
_bEdic. V.A.S.A.,
_c[1956-57] (
_fTojar)
300 _a205 p. ;
_c15 cm.
852 _aES-MaACL
_jC-14316
_bR.41117
999 _c57145
_d57145